000 00511nam a22001937a 4500
003 koha_MIRAKIL
005 20250918155217.0
008 231213b |||||||| |||| 00| 0 ||| d
020 _a9780198469445
040 _aTR-IsEVY
_btur
_cTR-IsEVY
082 _a420 PRU/F
100 _aPrue, Sally.
245 0 _aFloods
260 _bOxford University Press,
_c2010
300 _a32
650 _aİngiliz Dili.
_vİngilizce Okuma Kitapları.
650 _aEnglish Language.
_vEnglish Readers.
942 _2ddc
_cBK
999 _c8019
_d8019